[Event "Moscow op-E"]
[Site "Moscow"]
[Date "2011.02.05"]
[Round "8.38"]
[White "Bronnikov, Konstantin"]
[Black "Loskutov, Oleg"]
[Result "1-0"]
[WhiteElo "2265"]
[BlackElo "2435"]
[PlyCount "53"]
[EventDate "2011.01.29"]
[EventType "swiss"]
[EventRounds "9"]
[EventCountry "RUS"]
[SourceTitle "EXT 2022"]
[Source "ChessBase"]
[SourceDate "2021.10.06"]
[SourceVersion "1"]
[SourceVersionDate "2021.10.06"]
[SourceQuality "1"]

1. e4 c5 2. Nf3 d6 3. Bb5+ Bd7 4. Bxd7+ Qxd7 5. c4 Nf6 6. Nc3 g6 7. 0-0 Bg7 8. d4 cxd4 9. Nxd4 0-0 10. f3 Rc8 11. b3 d5 12. exd5 Nxd5 13. Nxd5 e6 14. Bh6 exd5 15. Bxg7 Kxg7 16. cxd5 Rc5 17. Ne6+ fxe6 18. Qd4+ e5 19. Qxc5 Na6 20. Qc4 Nc7 21. Rad1 Qd6 22. f4 Re8 23. fxe5 Rxe5 24. Qd4 Kg8 25. Qf4 Qc5+ 26. Kh1 Rf5 27. Qc4 1-0